Welcome to the Holygrace Academy Library

Please use search bar below to get started

WRITING FOR SCHOOL (Record no. 1829)

MARC details
000 -LEADER
fixed length control field 00284nam a22001337a 4500
020 ## - INTERNATIONAL STANDARD BOOK NUMBER
ISBN 1-8442-2621-2
082 ## - DEWEY DECIMAL CLASSIFICATION NUMBER
Classification number 425
Item number MIL/W
100 ## - MAIN ENTRY--AUTHOR NAME
Personal name MILFORD ALISON
245 ## - TITLE STATEMENT
Title WRITING FOR SCHOOL
260 ## - PUBLICATION, DISTRIBUTION, ETC. (IMPRINT)
Place of publication LONDON
Name of publisher LADYBIRD
300 ## - PHYSICAL DESCRIPTION
Number of Pages 31
650 ## - SUBJECT ADDED ENTRY--TOPICAL TERM
Topical Term ENGLISH BOOK
Geographic subdivision LONDON
942 ## - ADDED ENTRY ELEMENTS (KOHA)
Koha item type Books
Holdings
Withdrawn status Lost status Collection code Home library Current library Shelving location Date acquired Source of acquisition Full call number Accession Number Koha item type
    Reference Main Library Main Library SHELF 3- A- LADY BIRD STORY BOOKS 09/05/2014 PURCHASE 425 MIL/W 08744 Books